000 00824nam a22002657a 4500
001 32780
003 UA-OsUOA
005 20220527144513.0
007 ta
008 20050211b un ||||| |||| 00| 0 ukr d
040 _aUA-OsUOA
_brus
_cUA-OsUOA
_dUA-OsUOA
041 _arus
044 _aRU
080 _a821.111(73)
090 _a821.111(73)
_bЛ76
100 _aЛонгфелло Г.
245 _aПеснь о Гайавате. Стихотворения и поэмы. Стихотворения
_cвступ. статья Е. Осенева
260 _aМосква
_bХудожественная литература
_c1976
300 _a528 с.
_bІлюстрації
650 7 _2UDC
700 1 _aУитмен У.
_eавт.
700 1 _aДикинсон Э.
_eавт.
942 _cBK
_2udc
955 _a0
999 _c319233
_d319233